000 01271cam a2200385 i 4500
001 18286170
003 OSt
005 20170926161436.0
008 140828s2015 mouab b 001 0 eng
010 _a 2014034663
020 _a9780323031462
035 _a(DNLM)101640224
040 _aDNLM/DLC
_cDLC
_erda
_dDLC
042 _apcc
082 _aWY 100
_bM475g 2006
100 _aMeiner, Sue E.
_912158
130 0 _aGerontologic nursing (Lueckenotte)
_912159
245 1 0 _aGerontologic nursing /
_cSue E. Meiner, Annette G. Lueckenotte
250 _aThird edition.
264 1 _aMosby :
_bElsevier,
_c2006
300 _axxiii, 775 pages :
_bcolor illustrations, color map ;
_c28 cm
336 _atext
_2rdacontent
337 _aunmediated
_2rdamedia
338 _avolume
_2rdacarrier
504 _aIncludes bibliographical references and index.
650 1 2 _aGeriatric Nursing.
_912160
650 2 2 _aAged
_xpsychology.
_912161
650 2 2 _aChronic Disease
_xnursing.
_912162
650 2 2 _aLong-Term Care.
_912163
650 2 2 _aTerminal Care.
_910785
700 1 _aLueckenotte, Annette G.
_912164
906 _a7
_bcbc
_corignew
_d1
_eecip
_f20
_gy-gencatlg
942 _2z
_cO_SHELF
999 _c5850
_d5850